Un programa desarrollado en proyectos
Uloženo v:
| Hlavní autor: | |
|---|---|
| Médium: | Kniha |
| Jazyk: | španělština |
| Vydáno: |
Buenos Aires
Losada
1950
|
| Edice: | La escuela activa, 6
|
| Témata: | |
| Tagy: |
Přidat tag
Žádné tagy, Buďte první, kdo vytvoří štítek k tomuto záznamu!
|
MARC
| LEADER | 00000nam a2200000 a 4500 | ||
|---|---|---|---|
| 001 | UCX9943 | ||
| 003 | CL-VaPUC | ||
| 008 | 940704e19500000AG |||||||||||||||||spa|d | ||
| 082 | 0 | 4 | |a 371.3 |b WEL |2 21 |
| 100 | 0 | |a Wells, M. E |e author |9 327480 | |
| 245 | 1 | 3 | |a Un programa desarrollado en proyectos |
| 300 | |a 158 p | ||
| 942 | |c BK | ||
| 945 | |d 19940704 00:00:00 |a rbrito | ||
| 260 | |a Buenos Aires |b Losada |c 1950 | ||
| 650 | 0 | |a Métodos de enseñanza |9 270413 | |
| 583 | |a last modification |c 19940704 00:00:00 |k Rodrigo Vera | ||
| 490 | 0 | |a La escuela activa, 6 | |
| 999 | |c 229056 |d 229054 | ||
| 952 | |0 0 |1 0 |4 0 |6 371_300000000000000_WEL_1950 |7 0 |8 P |9 229601 |a BIBEDU |b BIBEDU |c BIBEDU_PB |d 2019-11-15 |i 298749K |o 371.3 WEL 1950 |p 298749K |r 2024-01-25 |w 2019-11-15 |y BK |k EDU | ||